| 000 | 00540nam a2200205Ia 4500 | ||
|---|---|---|---|
| 003 | GCL | ||
| 008 | 140319s9999 xx 000 0 eng d | ||
| 040 |
_aGCL / _cGCL |
||
| 082 | 0 | 4 |
_a516 _bP C |
| 100 | 1 | _aPBALASUBRAHMANYAM | |
| 245 | 1 | 0 |
_aCOORDINATE GEOMTRY OF TWO AND THREE OIMENSIONS / _cPBALASUBRAHMANYAM |
| 700 | 1 | _aKGSUBRAMANIAN | |
| 700 | 1 | _aGRVENKATARAMAN | |
| 260 |
_a[S.N] : _bTATA MCGRAW - HILL PUBLISHING ، _c1994 |
||
| 300 | _a521 P | ||
| 650 | 0 | 4 | _aGEOMETRY |
| 650 | 0 | 4 | _aCIRCLES |
| 650 | 0 | 4 | _aCONES |
| 942 |
_2ddc _cBK |
||
| 999 |
_c20527 _d20527 |
||